A view from the ridge : (Record no. 6233)

MARC details
000 -LEADER
fixed length control field 00575nam a22001697a 4500
003 - CONTROL NUMBER IDENTIFIER
control field OSt
005 - DATE AND TIME OF LATEST TRANSACTION
control field 20251125111357.0
008 - FIXED-LENGTH DATA ELEMENTS--GENERAL INFORMATION
fixed length control field 251125b |||||||| |||| 00| 0 eng d
020 ## - INTERNATIONAL STANDARD BOOK NUMBER
International Standard Book Number 0-06-069062-3
040 ## - CATALOGING SOURCE
Original cataloging agency DWC-Main lib
Transcribing agency OC
082 ## - DEWEY DECIMAL CLASSIFICATION NUMBER
Classification number Circ. 282.092 W519 1996
100 ## - MAIN ENTRY--PERSONAL NAME
Personal name West, M.
245 ## - TITLE STATEMENT
Title A view from the ridge :
Remainder of title the testimony of a twentieth-century christian
Statement of responsibility, etc. West, Morris
260 ## - PUBLICATION, DISTRIBUTION, ETC.
Place of publication, distribution, etc. USA :
Name of publisher, distributor, etc. Harper San Francisco,
Date of publication, distribution, etc. c1996
300 ## - PHYSICAL DESCRIPTION
Extent 155 pages :
Dimensions 22 cm.
942 ## - ADDED ENTRY ELEMENTS (KOHA)
Source of classification or shelving scheme Dewey Decimal Classification
Koha item type Book Circulation
Classification part Circ. 282.092 W519 1996
Call number prefix Circ.
Suppress in OPAC No
952 ## - LOCATION AND ITEM INFORMATION (KOHA)
--
Holdings
Withdrawn status Lost status Source of classification or shelving scheme Damaged status Not for loan Home library Current library Shelving location Date acquired Source of acquisition Total Checkouts Full call number Barcode Date last seen Copy number Price effective from Koha item type Uniform Resource Identifier
    Dewey Decimal Classification     College Library College Library Circulation 09/14/2005 Donation   Circ. 282.092 W519 1996 CL42419 11/25/2025 c1 11/25/2025 BK-CIRC